000 00335nam a22001457a 4500
008 221012b ||||| |||| 00| 0 eng d
020 _a9780471052203
041 _aeng
080 _2THIRD EDITION
_a159.9
082 _a159.9
100 _a24.1
101 _aPSI
245 _aPSYCHOLOGICAL ASSESSMENT
_cMARNAT G
942 _2udc
_cBK
999 _c58510
_d58510